| 000 | 00576nam a2200193 4500 | ||
|---|---|---|---|
| 001 | 3115 | ||
| 005 | 20230410130542.0 | ||
| 008 | 060907n1994 dr spa | ||
| 020 | _a0830413626 | ||
| 035 | _9funglode3127 | ||
| 041 | _aEN | ||
| 050 | 1 | 4 | _aPN 1992.3 M135o 1994 |
| 100 | _aMacDonald, J. Fred | ||
| 245 | 1 |
_aOne nation under television : _bthe rise and decline of network TV / _cJ. Fred MacDonald |
|
| 260 |
_aChicago : _bNelson-Hall Publishers, _c1994 |
||
| 300 | _axii, 327 p. | ||
| 650 | 4 |
_aTeledifusión _vEstados Unidos - Historia |
|
| 942 |
_2lcc _cbk |
||
| 999 |
_c75988 _d75988 |
||